|
|
|
|
| LEADER |
00000nam a2200000 a 4500 |
| 001 |
vtls001425754 |
| 003 |
SK-MaSNL |
| 005 |
20260301072505.0 |
| 008 |
251124s2001 CH 0 fre |
| 020 |
|
|
|a 9220119641
|
| 035 |
|
|
|a SNK000380664
|
| 040 |
|
|
|a SNK
|b slo
|c SNK
|e AACR2
|
| 044 |
|
|
|a CH
|
| 080 |
|
|
|a 33(086.86)
|2 1981
|
| 245 |
1 |
|
|a International Labour Conference
|h elektronický zdroj
|b eighty-ninth Session, Geneva 2001 : record of Proceedings
|
| 256 |
|
|
|a Počítačové dáta
|
| 260 |
|
|
|a Geneva
|b International Labour Organization
|c 2001
|
| 300 |
|
|
|a 1 elektronický optický disk (CD-ROM)
|
| 500 |
|
|
|a Elektronické dokumenty
|
| 610 |
0 |
7 |
|a International Labour Conference
|d 2001
|2 SNK
|9 392031
|
| 611 |
1 |
7 |
|a International Labour Conference
|d 2001
|c Geneva, Švajčiarsko
|2 SNK
|9 392032
|
| 650 |
0 |
7 |
|a ekonomika
|x dokumenty elektronické
|2 SNK
|9 392033
|
| 655 |
|
7 |
|a elektronické dokumenty
|2 SNK
|9 70518
|
| 919 |
|
|
|a 92-2-011964-1
|
| 999 |
|
|
|c 641135
|d 643065
|
| 952 |
|
|
|t P65, <07>, [BOOK], {657}
|a SNK
|b SNK
|y PREZ
|7 0
|p 17A0325167
|o snkICDM 40
|i snkJK 925/2001
|0 0
|1 0
|4 0
|d 2001-12-11
|l 0
|r 2005-01-02 00:00:00
|w 2026-02-23
|